| 000 | 00622nam a22001937a 4500 | ||
|---|---|---|---|
| 003 | AM-YeHGA | ||
| 005 | 20250617154227.0 | ||
| 008 | 180628s ||||| |||| 00| 0 rus d | ||
| 040 | _aAM-YeHGA | ||
| 041 | 0 | _arus | |
| 100 | 1 | _aМедынский, Григорий Александрович | |
| 245 | 1 | 0 |
_aМарья : _bРоман / _cГ. Медынский. |
| 260 |
_a[Ленинград] : _bЛениздат, _c1951. |
||
| 300 |
_a496 с. : _bил. |
||
| 653 | 0 | _aЖенщина в колхозе (х. л.) | |
| 653 | 0 | _aКолхозы и колхозники (х. л.) | |
| 942 |
_2udc _cBK |
||
| 090 | _c409787 | ||
| 999 |
_c407520 _d407520 |
||